Environment and the industrial society /

Saved in:
Bibliographic Details
Other Authors: Holmes, Nicholas, Cotter, John
Format: Book
Language:English
Published: Boulder, Colo. : Westview Press, 1977.
Subjects:
LEADER 01046cam a2200277 a 4500
001 c000282531
003 CARM
005 20080606130609.0
008 760707s1977 cou b 001 0 eng d
019 1 |a 767939  |z 21705731  |5 LACONCORD2021 
020 |a 0891586415 :  |c $16.50 
035 |a (OCoLC)2346107  |5 LACONCORD2021 
040 |a LC  |b eng  |c LC  |d NSL:R  |d VCAV 
050 0 0 |a HC79.E5  |b E57 1977 
082 0 4 |a 301.31 
245 0 0 |a Environment and the industrial society /  |c edited by Nicholas Holmes ; contributors, John Cotter ... [et al.]. 
260 |a Boulder, Colo. :  |b Westview Press,  |c 1977. 
300 |a 247 p. ;  |c 23 cm. 
504 |a Includes bibliographical references and index. 
650 0 |a Environmental policy. 
650 0 |a Human ecology. 
700 1 |a Holmes, Nicholas. 
700 1 |a Cotter, John. 
852 8 |b CARM  |h A1:AQ02B0  |i B10599  |p 0469398  |f BK 
999 f f |i 5abebd3b-ec87-5be3-9807-840a42e48a33  |s b5aa05aa-c2b4-5d9c-a54b-b9ded88dc0df 
952 f f |p Can circulate  |a CAVAL  |b CAVAL  |c CAVAL  |d CARM 1 Store  |e B10599  |f A1:AQ02B0  |h Other scheme  |i book  |m 0469398